Rozpoznaj kształt państwa - Statystyki

Ogólne statystyki
  • Ten quiz został rozwiązany 6 razy
  • Średni wynik to 13 z 16
Statystyki odpowiedzi
Obrazkowy Odpowiedź % Poprawnych
Chiny
100%
Francja
100%
Irlandia
100%
Japonia
100%
Polska
100%
Brazylia
80%
Chile
80%
Egipt
80%
Kanada
80%
R.P.A.
80%
Senegal
80%
Wlochy
80%
Zambia
80%
Belize
60%
Estonia
60%
Indonezja
60%
Nie znaleziono quizów pasujących do podanych kryteriów
Rozkład punktacji
Procent ludzi z każdym wynikiem
Percentyl według liczby udzielonych odpowiedzi
Twoja historia wyników
Nie rozwiązałeś tego quizu